000
003230000a22001450004500
005
20120302064120.0
942
_c
BOOK
100
_a
Dhere,R.C.
245
_a
Dakshinecha lokadev shrikhandoba
260
_a
Pune:Padmagandha Prakashan,2002.
300
_a
212p.
040
_a
Mar
365
_b
150/-
650
_a
Khandoba
999
_c
361321
_d
361318